000 00680nam a2200277Ia 4500
005 20260324133511.0
008 008 260324s9999 xx 000 0 eng d
020 _a9780429349768
037 _aEBOOK
040 _aCRL
040 _beng
040 _cCRL
041 _2eng
041 _aeng
084 _qCRL
100 _aLisa Vargo; Clarissa Campbell Orr
_91193334
245 0 _aMary Shelley's Literary Lives and Other Writings, Volume 2
260 _bTaylor and Francis
260 _c2003
365 _a
365 _b230
856 _uhttp://www.taylorfrancis.com/books/9780429349768
942 _cEBOOK
999 _c1792422
_d1792422